Ustad Ali Akbar khan : (Record no. 153256)

MARC details
000 -LEADER
fixed length control field 00725nam a22002417a 4500
003 - CONTROL NUMBER IDENTIFIER
control field dpl
005 - DATE AND TIME OF LATEST TRANSACTION
control field 20180702113022.0
008 - FIXED-LENGTH DATA ELEMENTS--GENERAL INFORMATION
fixed length control field 180702b xxu||||| |||| 00| 0 eng d
010 ## - LIBRARY OF CONGRESS CONTROL NUMBER
LC control number B-122227
020 ## - INTERNATIONAL STANDARD BOOK NUMBER
Terms of availability 150.00
035 ## - SYSTEM CONTROL NUMBER
System control number B-122227
037 ## - SOURCE OF ACQUISITION
Source of stock number/acquisition BPPD/PUB
040 ## - CATALOGING SOURCE
Original cataloging agency DPL
Language of cataloging EN
Transcribing agency 0
082 ## - DEWEY DECIMAL CLASSIFICATION NUMBER
Classification number 780.92
Item number ALI
100 ## - MAIN ENTRY--PERSONAL NAME
Personal name Mathur, Ramlal
245 ## - TITLE STATEMENT
Title Ustad Ali Akbar khan :
Statement of responsibility, etc by Ramlal Mathur
Remainder of title My guru : My training /
260 ## - PUBLICATION, DISTRIBUTION, ETC. (IMPRINT)
Name of publisher, distributor, etc Maharaja Mansingh Pustak Prakash Researcch Center
Place of publication, distribution, etc Jodhpur
Date of publication, distribution, etc 2004
270 ## - ADDRESS
Address Fort, Jodhpur
City Jodhpur
300 ## - PHYSICAL DESCRIPTION
Extent 112p.
Dimensions 23cm(Hb)
Other physical details ill.
650 ## - SUBJECT ADDED ENTRY--TOPICAL TERM
Topical term or geographic name as entry element Management
9 (RLIN) 3072
650 ## - SUBJECT ADDED ENTRY--TOPICAL TERM
Topical term or geographic name as entry element Management audit in Hospitals
9 (RLIN) 28014
942 ## - ADDED ENTRY ELEMENTS (KOHA)
Source of classification or shelving scheme Dewey Decimal Classification
Koha item type English Books
Classification part 780.92
Call number suffix ALI

No items available.


© Delhi Public Library
Hit Counter
free hit counter